000 00402nam a2200169Ia 4500
005 20250423095415.0
008 250422s9999 xx 000 0 und d
020 _a9789781751523
050 _aHF 5351 .E35/
100 _aEjiofor, Pita
245 0 _aFoundations of business administrration
250 _a2nd ed.
260 _c2008
300 _a429 p
650 _a Business.
942 _cBK
999 _c30177
_d30177